| 000 | 00440cam a2200181ua 4500 | ||
|---|---|---|---|
| 001 | 5227 | ||
| 008 | 120306n ii |||gr||||Z||||||eng | ||
| 040 | _cMAIN | ||
| 082 | _a821 | ||
| 245 | 1 | 1 |
_aThe odes of John Keats _cby John Keat |
| 250 | _a1st. | ||
| 260 |
_aBareilly: _bPrakash book depot. |
||
| 300 |
_a307p: _c15cm. |
||
| 653 | _aEnglish poetry | ||
| 700 |
_aKeat, John, _eAuthor, |
||
| 700 | 1 |
_aSaxena, Girish, _eAuthor. |
|
| 942 | _cBK | ||
| 999 |
_c4409 _d4409 |
||